Harry Potter / Fantastic Beasts and Where to Find Them ALL CREATURES - Statistics

General Stats
  • This quiz has been taken 68 times
  • The average score is 34 of 128
Answer Stats
Hint Answer % Correct
A rare creature that has a very long life span due to being reborn from its own ashes. One of these creatures is very loyal to the Dumbledore family. Phoenix
71%
Large Spider, originating from Borneo. Can also be found in the forbidden forest. Acromantula
68%
Created by Herpo the Foul. Its gaze is fatal and the beast can be killed by the crow of a rooster. One can be found underneath Hogwarts. Basilisk
68%
Half-man and half-horse. These creatures are gifted in divination and astronomy. Centaur
68%
Guards the entrance to the Philosopher's Stone. Fluffy. Cerberus
59%
Used to guard Azkaban. A kiss from this will suck out your soul. Dementor
59%
A fire-breathing beast. Variations of this beast are the next 10 answers. Dragon:
56%
Attracted to shiny objects. Newt Scamander has one named Teddy. Niffler
56%
Half-eagle, half-horse. Buckbeak is one. Hippogriff
53%
Gilderoy Lockhart lets a bunch of a Cornish variety of these out on a rampage during one of his DADA lessons. Pixie
53%
^ A rogue one of these is responsible for the Ilfracombe incident. Fleur Delacour faces one of these. Common Welsh Green
50%
Speak Gobbledegook and are known for their superior metalworks. Gringotts is run by these beings. Goblin
50%
^ The most violent of its kind. Harry Potter faces one of these. Hungarian Horntail
50%
Intelligent sea beings that are very popular with muggles. Half-human, half-fish. Merpeople
50%
A twig-like creature that resides in trees that produce wand wood. Newt Scamander is rather close with one named Pickett. Bowtruckle
44%
A Greek beast consisting of a lion's head, a goat's body and a dragon's tail. Chimaera
44%
^ Named after the shape their flames take. Viktor Krum faces one of these. Chinese Fireball
44%
Olympe Maxime and Rubeus Hagrid go searching for these north east of Minsk. Giant
44%
A very large humanoid creature that is immensely strong but also very stupid. One of these is found in the dungeon in Harry Potter and the Philosophers Stone. Troll
44%
Beautiful magical creatures that have many magical properties and are similar to horses but with a horn. They are very popular with muggles. Unicorn
44%
Usually resembles a human but every full moon the human will turn in to this beast. Remus Lupin is one. Werewolf
44%
These beasts are used in Hagrid's lessons of care of magical creatures and one is later used in the maze in the tri-wizard tournament. They resemble some sort of scorpion. Blast Ended Skrewt
41%
A small human like creature with wings. Very popular in muggle literature. Fairy
41%
These creatures are known for digging up lawns, the Weasley's quite often have problems with them in their garden. Gnome
41%
There is a golden statue of this beast that guards the entrance to Dumbledore's office. Griffin
41%
These 'creatures' enjoy serving a master. A collection of them work in the kitchens at Hogwarts. House Elf
41%
Guards entrances by asking riddles. Becomes violent if the wrong answer is given. One is used during the Tri-Wizard tournament. Sphinx
41%
A dark, magical humanoid being that is famed for biting the neck of people for blood. Vampire
41%
Found in the Far East. This creature can tell the future and can make itself invisible. Newt Scamander has a pet one of these named Dougal. Demiguise
38%
A pest which closely resembles a fairy. The Weasley family and Harry remove these pests from the curtains at Grimmauld Place. Doxy
38%
^ Only visible to those who have seen death. Pull the Hogwarts carriages. Thestral
38%
There is one of the creatures living in the attic in The Burrow. Ghoul
35%
An aquatic beast that lives in Hogwarts lake. Likes to eat toast. Giant Squid
35%
A water dwelling creature that has strong, yet brittle fingers. Fleur Delacour withdrew from the second task of the Tri-wizard Tournament due to these creatures. Grindylow
35%
An intelligent, magical cat-like creature. Crookshanks is a half-breed of this creature. Kneazle
35%
A small human-like creature which can create a gold substance that vanishes within a couple of hours. Ireland used these as their mascot during the 1994 Quidditch World Cup. Leprechaun
35%
^ Hagrid had a pet one of these, named Norbert(a). Norwegian Ridgeback
35%
Magical varieties of this animal are use to deliver mail between magic folk. Students at Hogwarts are also allowed one as a pet. Owl
35%
A magical flying beast which can create storms as it flew. Ilvermorny has a house named after this animal and Newt Scamander had one named Frank. Thunderbird
35%
Native to tibet and covered in white hair to camouflage it against the snow. Also known as Bigfoot. Gilderoy Lockhart has a book with this animal. Yeti
35%
A huge grey beast. Xenophilius Lovegood had a horn from this beast on a wall at his home. Newt Scamander and Jacob Kowalski have to capture this beast in a zoo. Erumpent
32%
Incredibly boring beasts which are studied in Hagrid's lessons. Their secretion is used in potion making. Flobberworm
32%
A shape-shifting sea creature. Newt Scamander has one in his basement. The Loch Ness Monster is supposedly one of these. Kelpie
32%
^ Cedric Diggory faces one of these. Swedish Short-snout
32%
Human-like magical beings that are very attractive. Bulgaria used these as their mascot in the 1994 Quidditch World Cup. Fleur Delacour's grandmother is one. Veela
32%
Fire serpent which makes nests in magical fires. Their eggs can be used in potion making. Ashwinder
29%
A magical insect. Its dried stings are used in Fizzing Whizzbees. Billywig
29%
Has a slapstick sense of humour. Imp
29%
A very popular wizard pet. It's very fluffy and has a long tongue which it often sticks up the noses of humans in order to eat their bogeys. Can be kept in a vivarium in Hogwarts Legacy. Puffskein
29%
Sold in Weasleys' Wizard Wheezes. Ginny Weasley has a pet one named Arnold. Pygmy Puff
29%
Its blood is used in strengthening solution. This creature lives in fires but can survive outside of a fire if fed pepper. Fred and George Weasley feed this creature a firework. Salamander
29%
Has a heavily jewelled shell and shoots fire from its behind when under attack. Fire Crab
26%
Japanese water demon. Has an indent on the top of its head which stores water. Kappa
26%
Shy beasts that come out of hiding during a full moon. Once in moonlight, they perform a complicated dance. Can be kept in a vivarium in Hogwarts Legacy. Mooncalf
26%
This creature can grow or shrink to fit the available space and its egg shells are made of the softest silver. Occamy
26%
Also known as the Irish Phoenix. Their cries signify rain. Augurey
24%
A Greek beast with the a head of a man, the body of a lion and the tail of a scorpion. A sting from this beast will kill instantly. Manticore
24%
Very rare beasts. Native to china, it is half-horse, half-dragon. The walk of this creature is used to determine the next Supreme Mugwump. Qilin
24%
Inhabit wherever human blood had been spilt. They attack those who are lost. Red Cap
24%
^ The largest of these creatures. One is used to guard the lower vaults at Gringotts Bank. Ukrainian Ironbelly
24%
^ Only drinks single-malt whiskey. Pulls the Beauxbatons carriage. Abraxan
21%
Very closely resembles a Jack Russel Terrier except it has a forked tail. Crup
21%
A flightless bird that can vanish and reappear at will. Diricawl
21%
Newt Scamander has the last breeding pair of these beasts in his suitcase along with two of their young. These beasts can also be kept in a vivarium in Hogwarts Legacy. Graphorn
21%
A savage being that looks like an ugly, old witch. Likes to eat children. Hag
21%
^ Native to Scotland. Hebridean Black
21%
A Greek beast that is half-horse, half-fish. Hippocampus
21%
A large magical snake. One of Ilvermorny's houses is named after this creature. Horned Serpent
21%
A lizard which gets smaller when approached by an enemy. Their skin is used therefore to make protective bags. Hagrid gifts Harry Potter a bag made from this animal's skin. Moke
21%
The essence of this creature is used to cure Harry Potter's cuts caused by Umbridge's quill. Murtlap
21%
A giant, three-headed serpent, each of its heads served a different function. Runespoor
21%
Previously used in games of Quidditch, the seeker used to try and catch this animal to win the game. Snidget
21%
^ Native to New Zealand, they have pearlescent scales and breathe a vivid scarlet flame. Antipodean Opaleye
18%
Two of the same animal sharing the same body (at either end). Can be purchased at Magical Menagerie. Double-Ended Newt
18%
Elfish creatures which live in the Forest. Originated from Germany and enjoy eating children. Erkling
18%
This beast has highly coloured feathers and listening to its song can drive the listener insane. These can be kept in a vivarium in Hogwarts Legacy. Fwooper
18%
A huge magical variation of an insect. Newt Scamander has these roaming in his suitcase. Giant Dung Beetle
18%
A one legged creature that resembles wispy smoke. Likes to lure travellers off their path. Hinkypunk
18%
Resembles a rabbit with antlers. Jackalope
18%
A black creature that resembles a cloak, suffocates people in their sleep and leaves no trace. Can be banished using a patronus. Lethifold
18%
Possibly the most deadly of all beasts. Resembles a gigantic leopard. Its breath causes plague and disease and has never been taken down by less than 100 witches/wizards. Nundu
18%
These creatures are small, horse guardians. They walk on two hooves and hide at the sight of humans. Porlock
18%
Also known as Hairy MacBoon and live on an island off of Scotland. Quintaped
18%
A water dwelling beast with a horse like head and a snake like body. It rises in humps out of the water. Sea Serpent
18%
A house in Ilvermorny School is named after this beast. Resembles a cougar and is nearly impossible to kill. Drinking the tears of this beast could cause the drinker to rapidly lose their memory. Wampus Cat
18%
Magical species of horse. The next four answers are variations of this beast. Winged Horse:
18%
Resembles a greenish fungi/pest with eyes. Its secretion is used in magical cleaning fluids. Bundimun
15%
Grindelwald's pet called Antonio. Chupacabra
15%
Lives in bodies of water. This creature resembles a log of wood. Dugbog
15%
The warts of these creatures are sold at Magical Menagerie. These can be kept in a vivarium in Hogwarts Legacy. Giant Purple Toad
15%
Boring creatures that resemble spiky toadstools. Its juice can be used in Wiggenweld potion. Horklump
15%
A large ferret that shouts proclivities at people. Jarvey
15%
Greatly resembles a hedgehog but will get violent if offered food. Knarl
15%
^ Native to South America. Has venomous fangs. Peruvian Vipertooth
15%
Not dangerous but nibbled on the feet of unsuspecting swimmers. Considered a pest by intelligent sea creatures, this animal would be got rid of by tying its rubbery legs together and floating off. Plimpy
15%
Resembles a giant ox with a golden hide. Its blood gives the drinker immense strength. Re'em
15%
^ Lives in the Carpathian Mountains. Its horns are valued in potion making. Romanian Longhorn
15%
Blue and green winged beast. It feeds on human brains and its diluted venom is used to erase bad memories. Swooping Evil
15%
^ Chestnut in colour. (sorry, not a lot to go on for this beast) Aethonan
12%
Tiny creatures which have a light organ capable of flashing. They were often used as bait by wizarding fishers. Glow Bug
12%
Created when a Demiguise and a Ghoul bred. Has grey-silver hair and can shape shift. Hidebehind
12%
Magical frog-headed creature with horns. When powdered the effects of this creature's horns can make a person immune to alcohol. Hodag
12%
This creature doesn't make any sound, until it dies, and then it replays every sound it has heard. Their feathers are used in truth serums. Can be kept in a vivarium in Hogwarts Legacy. Jobberknoll
12%
Resembles a large black cat with big, light blue eyes. Found in the French Ministry of Magic. They are not dangerous unless attacked. Matagot
12%
Short and grey humanoid creature with large ears. One of Ilvermorny's houses is named after this creature. Pukwudgie
12%
An immensely powerful magical silver fish that had the ability to anchor ships. Ramora
12%
This bird-reptile hybrid has a bulletproof hide and steel fangs. Its heartstrings can be used as wand cores in America. Snallygaster
12%
A magical snail which changes colour every hour and produces highly poisonous slime. Streeler
12%
A large, winged beast that can inflate part of its body. Newt Scamander has one in his suitcase. These creatures were prevalent in Middle-age England. Wyvern
12%
Magical parasites that feed on magical objects. Without magic, they are attracted to electricity. Chizpurfle
9%
Resembles a cross between a monkey and a frog. The pustule on its forehead flashes red in the presence of danger. Clabbert
9%
Kept in a cage by the Circus Arcanus which Credence Barebone releases during his and Nagini's escape. Firedrake
9%
Known to infest bee hives. Their secretion can cause melancholy but is also useful to cure uncontrollable laughter. Glumbumble
9%
^ Grey in colour. Its hair is used in potion making. Granian
9%
A large hooved beast that resembles a moose whose mouth looks too big for it. Newt Scamander has one in his basement. Leucrotta
9%
Resides at the bottom of the Black Sea. Consists of a venom sac which intelligent sea creatures used as weapons. Lobalug
9%
Resembled a lobster with grey skin. A bite from this animal will make the victim extremely unlucky for a week. Mackled Malaclaw
9%
A squid-like magical beast. These are translucent and glow. Marmite
9%
A Russian demon that enjoyed following humans. This caused the human to feel lethargic and depressed and once crouched down in despair, this creature would devour them. Pogrebin
9%
A water dwelling fish like creature covered in spines which tear open fisherman's nets. Shrake
9%
A grey, magical warthog. It could make itself invisible and its hide was used in protective clothing. Tebo
9%
A variation of spider that lives in the Forbidden Forest (not to be confused with another beast). For anyone who has played Hogwarts Legacy, players may be used to battling these creatures. Thornback
9%
A large, feline-like beast that can travel miles with one leap. Newt Scamander encounters an escaped one from the Circus Arcanus, which he befriends and it later helps him escape from the French Ministry of Magic. Zouwu
9%
A magical variation of a small sea creature which can fly when provoked. Flying Seahorse
6%
Resembles a piglet, this beast brings blight to farms and can be effectively removed by it being chased by a pure white dog. Nogtail
6%
One of these Japanese beasts was kept at the Circus Arcanus is France. They are large, horned, rather ugly, humanoid creatures. Oni
6%
A gigantic fresh-water sea beast that is carnivorous and native to Norway. Selma
6%
White krill-like creatures that glow. Muskrill
3%
No matching quizzes found
Score Distribution
Percent of People with Each Score
Percentile by Number Answered
Your Score History
You have not taken this quiz